000 00656nam a2200241 i 4500
001 C2-0310885
003 PPAK
005 20180728102129.0
008 110703s my a|||| ||||| | may d
020 _a9789673711635
040 _aPPAK
_beng
_cPPAK
_erda
082 0 4 _a658.872
_223
090 0 0 _a658.872
_bTAU
_dG
100 0 _aTaufik Hidayat,
_eauthor
245 1 0 _aPanduan membuat kedai online
264 1 _aKuala Lumpur :
_bSynergy Media ,
300 _a89 pages :
_billustrations ;
_c23 cm
336 _2rdacontent
_atext
337 _2rdamedia
_aunmediated
338 _2rdacarrier
_avolume
650 1 0 _aInternet marketing
942 _ddc
_cB
999 _c113190
_d113190